[Event "Oban op"]
[Site "Oban"]
[Date "2015.11.22"]
[Round "5"]
[White "Kefalas, Loukas"]
[Black "Toothill, John A"]
[Result "1-0"]
[WhiteElo "1844"]
[BlackElo "2151"]
[PlyCount "39"]
[EventDate "2015.10.20"]
[EventType "swiss"]
[EventRounds "5"]
[EventCountry "SCO"]
[SourceTitle "EXT 2023"]
[Source "ChessBase"]
[SourceDate "2022.10.05"]
[SourceVersion "1"]
[SourceVersionDate "2022.10.05"]
[SourceQuality "1"]

1. e4 e5 2. Nf3 Nc6 3. Bb5 a6 4. Ba4 Nf6 5. d4 b5 6. Bb3 exd4 7. e5 Ne4 8. Bd5 Nc5 9. Nxd4 Bb7 10. 0-0 Qh4 11. Nf5 Qd8 12. Be3 Ne6 13. Nc3 Qc8 14. f4 g6 15. Ng3 Ne7 16. Nge4 Nf5 17. Nf6+ Kd8 18. Bxb7 Nxe3 19. Qf3 Qb8 20. Bxa8 1-0

[Event "Perth op"]
[Site "Perth"]
[Date "2010.01.29"]
[Round "1"]
[White "Toothill, John A"]
[Black "Aagaard, Jacob"]
[Result "0-1"]
[WhiteElo "2151"]
[BlackElo "2560"]
[PlyCount "70"]
[EventDate "2010.01.29"]
[EventType "swiss"]
[EventRounds "5"]
[EventCountry "SCO"]
[SourceTitle "EXT 2023"]
[Source "ChessBase"]
[SourceDate "2022.10.05"]
[SourceVersion "1"]
[SourceVersionDate "2022.10.05"]
[SourceQuality "1"]

1. e4 c5 2. Nf3 Nc6 3. Bb5 Na5 4. c3 a6 5. Ba4 b5 6. Bc2 e6 7. 0-0 Bb7 8. d4 cxd4 9. cxd4 Rc8 10. Bf4 Nf6 11. Re1 Be7 12. a4 d5 13. axb5 axb5 14. Nbd2 Nc6 15. h4 Nb4 16. Bb1 dxe4 17. Nxe4 Nxe4 18. Bxe4 Bxe4 19. Rxe4 Qd5 20. Re2 0-0 21. Ra7 Nc6 22. Ra1 Rfd8 23. Rd2 h6 24. Qe2 Ra8 25. Rc1 Ra4 26. Be3 Na5 27. Rc5 Ra1+ 28. Kh2 Bd6+ 29. g3 Bxc5 30. dxc5 Qa8 31. Rxd8+ Qxd8 32. b4 Nc6 33. Bd2 Qd5 34. Bc3 Ra3 35. Qb2 Ra2 0-1

[Event "Perth op"]
[Site "Perth"]
[Date "2009.02.01"]
[Round "5"]
[White "Toothill, John A"]
[Black "Farrell, Neil"]
[Result "1/2-1/2"]
[WhiteElo "2151"]
[BlackElo "2257"]
[PlyCount "115"]
[EventDate "2009.01.30"]
[EventType "swiss"]
[EventRounds "5"]
[EventCountry "SCO"]
[SourceTitle "EXT 2011"]
[Source "ChessBase"]
[SourceDate "2010.11.26"]
[SourceVersion "1"]
[SourceVersionDate "2010.11.26"]
[SourceQuality "1"]

1. e4 e6 2. d4 d5 3. Nd2 Be7 4. Ngf3 Nf6 5. Bd3 c5 6. c3 cxd4 7. Nxd4 Nc6 8. 0-0 Nxd4 9. cxd4 dxe4 10. Nxe4 Bd7 11. Be3 0-0 12. Qb3 Bc6 13. Nc3 a6 14. a4 Qd7 15. Rfd1 Rfd8 16. a5 Rac8 17. Rac1 Nd5 18. Nxd5 Qxd5 19. Qxd5 Bxd5 20. Bf4 Bc6 21. Be2 Bb4 22. Bd2 Bxd2 23. Rxd2 Ba4 24. Rxc8 Rxc8 25. f4 Bc6 26. Kf2 Rd8 27. g3 Kf8 28. Ke3 Ke7 29. Rc2 Rd6 30. b4 Kd7 31. Bd3 Ba4 32. Rc5 h6 33. Be4 Bc6 34. Bd3 Rd5 35. Rc2 f6 36. Be4 Rb5 37. Bxc6+ bxc6 38. Rb2 Kd6 39. Ke4 Rh5 40. Rd2 g6 41. Rc2 Rb5 42. Rb2 g5 43. fxg5 Rxg5 44. Rf2 f5+ 45. Kd3 Kd5 46. Rc2 Rg4 47. Rc5+ Kd6 48. Re5 h5 49. Kc4 h4 50. Re3 Rg7 51. gxh4 Rh7 52. Rh3 Rh5 53. Kc3 Kd5 54. Kd3 f4 55. Rf3 Rxh4 56. h3 e5 57. dxe5 Kxe5 58. Kd2 1/2-1/2

[Event "Perth op"]
[Site "Perth"]
[Date "2009.01.31"]
[Round "2"]
[White "Grant, Alan"]
[Black "Toothill, John A"]
[Result "1-0"]
[WhiteElo "2221"]
[BlackElo "2151"]
[PlyCount "77"]
[EventDate "2009.01.30"]
[EventType "swiss"]
[EventRounds "5"]
[EventCountry "SCO"]
[SourceTitle "EXT 2011"]
[Source "ChessBase"]
[SourceDate "2010.11.26"]
[SourceVersion "1"]
[SourceVersionDate "2010.11.26"]
[SourceQuality "1"]

1. e4 e5 2. Nf3 Nc6 3. Nc3 Nf6 4. Be2 Bc5 5. Nxe5 Nxe5 6. d4 Bb4 7. dxe5 Nxe4 8. Qd3 Nxc3 9. bxc3 Be7 10. Qg3 Kf8 11. 0-0 d6 12. Bf4 Bf5 13. Rad1 d5 14. c4 c6 15. cxd5 cxd5 16. c4 d4 17. Be3 Bc5 18. Qf4 Bc2 19. Bxd4 Bxd4 20. Rxd4 Qe7 21. Bf3 Re8 22. e6 Qxe6 23. Bxb7 h6 24. Bd5 Qf6 25. Qd2 Bg6 26. c5 Kg8 27. c6 Kh7 28. c7 Re7 29. Rc4 Rc8 30. Rfc1 Qe5 31. f4 Qd6 32. Qa5 Bd3 33. Rd4 Bf5 34. Rdc4 Bd3 35. R4c3 Qxf4 36. Qxa7 Qd2 37. Qf2 Re2 38. Qg3 Rce8 39. Qxd3+ 1-0

[Event "BCF-chT3 0506 (4NCL)"]
[Site "Birmingham"]
[Date "2005.11.20"]
[Round "4.5"]
[White "Toothill, John A"]
[Black "Freeman, Richard"]
[Result "1/2-1/2"]
[WhiteElo "2174"]
[BlackElo "2088"]
[PlyCount "35"]
[EventDate "2005.10.22"]
[EventType "team"]
[EventRounds "11"]
[EventCountry "ENG"]
[SourceTitle "EXT 2007"]
[Source "ChessBase"]
[SourceDate "2006.11.23"]
[SourceVersion "1"]
[SourceVersionDate "2006.11.23"]
[SourceQuality "1"]
[WhiteTeam "Poisoned Pawns"]
[BlackTeam "FCA Solutions"]
[WhiteTeamCountry "ENG"]
[BlackTeamCountry "ENG"]

1. c4 g6 2. Nc3 Bg7 3. g3 e5 4. Bg2 Ne7 5. Nf3 0-0 6. d4 exd4 7. Nxd4 Nbc6 8. Nxc6 Nxc6 9. 0-0 d6 10. Be3 Ne5 11. b3 Nxc4 12. bxc4 Bxc3 13. Rb1 c6 14. Qd3 Be5 15. Bh6 Bg7 16. Bf4 Be5 17. Bh6 Bg7 18. Bf4 1/2-1/2

[Event "GBR-ch Seniors"]
[Site "Edinburgh"]
[Date "2003.07.28"]
[Round "3"]
[White "Toothill, John A"]
[Black "Boyce, James R"]
[Result "1-0"]
[WhiteElo "1984"]
[BlackElo "1840"]
[PlyCount "49"]
[EventDate "2003.07.26"]
[EventType "swiss"]
[EventRounds "7"]
[EventCountry "SCO"]
[SourceTitle "EXT 2007"]
[Source "ChessBase"]
[SourceDate "2006.11.23"]
[SourceVersion "1"]
[SourceVersionDate "2006.11.23"]
[SourceQuality "1"]

1. e4 e5 2. Nf3 Nf6 3. Nxe5 d6 4. Nf3 Nxe4 5. d4 d5 6. Bd3 Be7 7. c4 Nf6 8. 0-0 Nc6 9. Nc3 Bg4 10. cxd5 Nxd5 11. Bc4 Be6 12. Qb3 Na5 13. Qa4+ c6 14. Bxd5 Bxd5 15. Nxd5 Qxd5 16. Re1 Nc4 17. Qb4 c5 18. dxc5 Kf8 19. b3 Nb6 20. Ba3 Nc8 21. Rad1 Qc6 22. Ne5 a5 23. Qc4 Qe8 24. c6 bxc6 25. Rd8 1-0

[Event "GBR-ch Seniors"]
[Site "Edinburgh"]
[Date "2003.07.27"]
[Round "2"]
[White "Bissell, Maurice D"]
[Black "Toothill, John A"]
[Result "1/2-1/2"]
[WhiteElo "1840"]
[BlackElo "1984"]
[PlyCount "30"]
[EventDate "2003.07.26"]
[EventType "swiss"]
[EventRounds "7"]
[EventCountry "SCO"]
[SourceTitle "EXT 2007"]
[Source "ChessBase"]
[SourceDate "2006.11.23"]
[SourceVersion "1"]
[SourceVersionDate "2006.11.23"]
[SourceQuality "1"]

1. d4 Nf6 2. Nf3 g6 3. c4 Bg7 4. Nc3 d5 5. Bf4 0-0 6. e3 c6 7. Be2 Nbd7 8. 0-0 dxc4 9. Bxc4 Nb6 10. Bb3 Bg4 11. h3 Bxf3 12. Qxf3 Nbd5 13. Be5 Qa5 14. Nxd5 Nxd5 15. Bxg7 Kxg7 1/2-1/2

[Event "GBR-ch Seniors"]
[Site "Torquay"]
[Date "2002.08.09"]
[Round "7"]
[White "Woodcock, Roy"]
[Black "Toothill, John A"]
[Result "0-1"]
[WhiteElo "1664"]
[BlackElo "2048"]
[PlyCount "100"]
[EventDate "2002.08.03"]
[EventType "swiss"]
[EventRounds "7"]
[EventCountry "ENG"]
[SourceTitle "EXT 2007"]
[Source "ChessBase"]
[SourceDate "2006.11.23"]
[SourceVersion "1"]
[SourceVersionDate "2006.11.23"]
[SourceQuality "1"]

1. e4 e5 2. Nf3 Nc6 3. Bc4 Nf6 4. d4 exd4 5. 0-0 d6 6. Nxd4 Be7 7. Nc3 0-0 8. Re1 Re8 9. Bf4 Ne5 10. Bxe5 dxe5 11. Nf3 Bd6 12. h3 h6 13. Nb5 Be6 14. Nxd6 cxd6 15. Bf1 Rc8 16. c3 Qb6 17. Qd2 Red8 18. b3 Qc6 19. Qe3 Qxc3 20. Qxa7 Qb4 21. Qe3 Rc3 22. Qe2 Rdc8 23. Qb5 Qxb5 24. Bxb5 Kf8 25. Nd2 Ke7 26. Bc4 Rc2 27. Bxe6 fxe6 28. Nc4 Nd7 29. f3 Ra8 30. a4 Nc5 31. Reb1 Ra7 32. Nb6 Ra6 33. a5 Nd7 34. Nc4 Rc6 35. Ne3 R2c3 36. Nd1 Rd3 37. Rb2 d5 38. exd5 exd5 39. Kf2 e4 40. Ke2 Nc5 41. fxe4 dxe4 42. b4 Nb3 43. Rab1 Nc1+ 44. Ke1 Rg3 45. Kf1 e3 46. b5 Rf6+ 47. Kg1 e2 48. Rxc1 e1Q+ 49. Kh2 Qe5 50. Kg1 Rd3 0-1

[Event "GBR-ch Seniors"]
[Site "Torquay"]
[Date "2002.08.08"]
[Round "6"]
[White "Gill, Neville BK"]
[Black "Toothill, John A"]
[Result "1-0"]
[WhiteElo "2112"]
[BlackElo "2048"]
[PlyCount "51"]
[EventDate "2002.08.03"]
[EventType "swiss"]
[EventRounds "7"]
[EventCountry "ENG"]
[SourceTitle "EXT 2007"]
[Source "ChessBase"]
[SourceDate "2006.11.23"]
[SourceVersion "1"]
[SourceVersionDate "2006.11.23"]
[SourceQuality "1"]

1. d4 d5 2. c4 c6 3. Nc3 Nf6 4. e3 g6 5. Nf3 Bg7 6. Be2 0-0 7. 0-0 b6 8. b4 Bf5 9. Qb3 e6 10. Ne5 g5 11. g4 Bg6 12. Ba3 Re8 13. b5 c5 14. Nxg6 hxg6 15. Bf3 Nbd7 16. cxd5 exd5 17. Nxd5 Rc8 18. Rac1 Ne4 19. Rfd1 cxd4 20. Rxc8 Qxc8 21. exd4 Qd8 22. Qc2 Nef6 23. Nc7 Qc8 24. Rc1 Ne5 25. dxe5 Rxe5 26. Bd6 1-0

[Event "GBR-ch Seniors"]
[Site "Torquay"]
[Date "2002.08.07"]
[Round "5"]
[White "Toothill, John A"]
[Black "Smith, Ivor BN"]
[Result "1-0"]
[WhiteElo "2048"]
[BlackElo "1976"]
[PlyCount "67"]
[EventDate "2002.08.03"]
[EventType "swiss"]
[EventRounds "7"]
[EventCountry "ENG"]
[SourceTitle "EXT 2007"]
[Source "ChessBase"]
[SourceDate "2006.11.23"]
[SourceVersion "1"]
[SourceVersionDate "2006.11.23"]
[SourceQuality "1"]

1. c4 Nf6 2. Nc3 g6 3. g3 Bg7 4. Bg2 0-0 5. e3 d6 6. Nge2 c6 7. 0-0 Na6 8. Rb1 Nc7 9. b4 d5 10. d3 e5 11. Qc2 Qe7 12. b5 Rd8 13. bxc6 bxc6 14. Qa4 Qe6 15. Qa5 Nfe8 16. cxd5 cxd5 17. Ba3 Ba6 18. Rfd1 Rac8 19. Na4 Bf8 20. Bxf8 Kxf8 21. Nc5 Qd6 22. Rdc1 Rb8 23. Nc3 Rb6 24. N3a4 Rb5 25. Rxb5 Bxb5 26. Nb7 Qa3 27. Rc3 Qxa2 28. Qb4+ Kg8 29. Nxd8 Qxa4 30. Qxa4 Bxa4 31. Ra3 Bb5 32. Rxa7 Bxd3 33. Nc6 f6 34. Ne7+ 1-0

[Event "GBR-ch Seniors"]
[Site "Torquay"]
[Date "2002.08.03"]
[Round "1"]
[White "Toothill, John A"]
[Black "Smith, David"]
[Result "1-0"]
[WhiteElo "2048"]
[BlackElo "1704"]
[PlyCount "109"]
[EventDate "2002.08.03"]
[EventType "swiss"]
[EventRounds "7"]
[EventCountry "ENG"]
[SourceTitle "EXT 2007"]
[Source "ChessBase"]
[SourceDate "2006.11.23"]
[SourceVersion "1"]
[SourceVersionDate "2006.11.23"]
[SourceQuality "1"]

1. e4 Nf6 2. e5 Nd5 3. Nc3 Nxc3 4. dxc3 d5 5. Bf4 g6 6. Nf3 Bg7 7. Qd2 Bg4 8. Nd4 0-0 9. h3 Bd7 10. Be2 Nc6 11. Nf3 e6 12. 0-0-0 f6 13. c4 d4 14. Nxd4 fxe5 15. Bg5 Bf6 16. Nf3 Nd4 17. Bxf6 Qxf6 18. Nxd4 exd4 19. Qxd4 Qxd4 20. Rxd4 Bc6 21. f3 e5 22. Rg4 Rae8 23. Bd3 Rf4 24. Re1 Rxg4 25. hxg4 Kg7 26. Be4 Bxe4 27. Rxe4 g5 28. c5 Kf6 29. Rb4 b6 30. cxb6 axb6 31. Rc4 Re7 32. Rc6+ Kf7 33. Rc4 Ke6 34. Kd2 Kd5 35. Kc3 c5 36. a4 Rc7 37. Re4 c4 38. Re1 Ra7 39. Kb4 Kd4 40. Re4+ Kd5 41. c3 Ra5 42. Re1 Rc5 43. Rh1 Rc7 44. Kb5 Rc5+ 45. Kxb6 Rc6+ 46. Kb7 Kc5 47. a5 Kb5 48. Rd1 Re6 49. Rd5+ Ka4 50. a6 Re7+ 51. Kb8 Re8+ 52. Kc7 Kb3 53. Rb5+ Ka4 54. Rb4+ Ka5 55. Rxc4 1-0

[Event "BCF-chT3 0102 (4NCL)"]
[Site "Birmingham"]
[Date "2001.11.24"]
[Round "3.2"]
[White "Toothill, John A"]
[Black "Shepley, Julien M"]
[Result "1/2-1/2"]
[WhiteElo "2192"]
[BlackElo "2121"]
[PlyCount "42"]
[EventDate "2001.09.??"]
[EventType "team"]
[EventRounds "11"]
[EventCountry "ENG"]
[SourceTitle "EXT 2003"]
[Source "ChessBase"]
[SourceDate "2002.11.25"]
[SourceVersion "1"]
[SourceVersionDate "2002.11.25"]
[SourceQuality "1"]
[WhiteTeam "All Four Corners"]
[BlackTeam "Guildford III"]
[WhiteTeamCountry "ENG"]
[BlackTeamCountry "ENG"]

1. c4 c5 2. Nc3 Nc6 3. g3 e6 4. Bg2 f5 5. e3 Ne5 6. d3 Nf6 7. Nge2 Be7 8. 0-0 0-0 9. b3 a6 10. d4 Nf7 11. d5 e5 12. e4 d6 13. f4 fxe4 14. Nxe4 Nxe4 15. Bxe4 exf4 16. Bxf4 Bf6 17. Rc1 Bh3 18. Rf2 Qe7 19. Qc2 Ng5 20. Bg2 Bxg2 21. Kxg2 Qe4+ 1/2-1/2

[Event "BCF-chT2 0001 (4NCL)"]
[Site "Birmingham"]
[Date "2001.05.05"]
[Round "9.3"]
[White "Toothill, John A"]
[Black "Lund, D Brett"]
[Result "0-1"]
[WhiteElo "2192"]
[BlackElo "2316"]
[PlyCount "92"]
[EventDate "2000.11.26"]
[EventType "team"]
[EventRounds "11"]
[EventCountry "ENG"]
[SourceTitle "CBM 079 Extra"]
[Source "ChessBase"]
[SourceDate "2001.01.11"]
[SourceVersion "2"]
[SourceVersionDate "2001.01.25"]
[SourceQuality "1"]
[WhiteTeam "BCCA"]
[BlackTeam "NW Eagles"]
[WhiteTeamCountry "ENG"]
[BlackTeamCountry "ENG"]

1. e4 c5 2. Nf3 e6 3. Nc3 a6 4. a4 Nc6 5. Bc4 Nf6 6. Ba2 d5 7. d3 dxe4 8. dxe4 Qxd1+ 9. Kxd1 Bd7 10. Bf4 Nb4 11. Bc4 Bc6 12. Re1 Be7 13. Ne5 Rd8+ 14. Kc1 h6 15. Nxc6 Nxc6 16. f3 Nh5 17. Be3 Ne5 18. Bf1 Bg5 19. b3 Ke7 20. Kb2 Bxe3 21. Rxe3 g5 22. Rd1 Rd4 23. Ree1 Rhd8 24. Rxd4 cxd4 25. Nd1 Nf4 26. Nf2 h5 27. Rd1 h4 28. h3 f5 29. Rd2 Kf6 30. Kc1 g4 31. fxg4 fxg4 32. hxg4 Kg5 33. Nh3+ Kxg4 34. Be2+ Nxe2+ 35. Rxe2 Rf8 36. Rd2 Rf1+ 37. Kb2 Nc6 38. c3 e5 39. cxd4 Nxd4 40. Kc3 Rc1+ 41. Kb2 Re1 42. Kc3 b5 43. axb5 axb5 44. Nf2+ Kg3 45. Nd3 Rxe4 46. Nxe5 Ne2+ 0-1

[Event "BCF-chT2 9900 (4NCL)"]
[Site "Birmingham"]
[Date "1999.10.10"]
[Round "2.1"]
[White "Toothill, John A"]
[Black "Kwiatkowski, Feliks Jerzy"]
[Result "0-1"]
[WhiteElo "2226"]
[BlackElo "2229"]
[PlyCount "34"]
[EventDate "1999.10.??"]
[EventType "team"]
[EventRounds "11"]
[EventCountry "ENG"]
[SourceTitle "EXT 2001"]
[Source "ChessBase"]
[SourceDate "2000.11.22"]
[SourceVersion "1"]
[SourceVersionDate "2000.11.22"]
[SourceQuality "1"]
[WhiteTeam "BCCA"]
[BlackTeam "Kings Head"]
[WhiteTeamCountry "ENG"]
[BlackTeamCountry "ENG"]

1. e4 e6 2. d4 d5 3. exd5 exd5 4. Bd3 c5 5. c3 Nc6 6. Ne2 cxd4 7. Nxd4 Nxd4 8. cxd4 Nf6 9. 0-0 Be7 10. Nc3 0-0 11. Bg5 Be6 12. Qb3 h6 13. Bh4 Rb8 14. Rac1 b5 15. Bg3 Rb7 16. a4 b4 17. Ba6 Rb6 0-1